000 01228cam a22001934a 4500
005 20250605164043.0
008 250528s ||||||||||||||||||||||||d
035 _a17031
020 _a415033713
040 _aGR-AtMCL
_bgre
_dGR-AtMCL
_eAACR2
245 1 _aThe Pluralist Theory of the State / Selected Readings of G. D. H. Cole, J. N. Figgis, and H. J. Laski
260 _bRouledge,
_c1993
300 _a240
520 _aThis timely book represents the lost tradition of English Pluralism in a manner which not only makes it clearly available, but a decisive challenge to democratic thought. Introduction, The Social Theory by G. D. H. Cole, Some Names and Their Meaning, The Principle of Function, The State and Inclusive Association, Democracy and Representation, Government and Legislation, Coercion and Co-Ordination, Churches in the Modern State by J. N. Figgis, The Great Leviathan, The Foundations of Sovereignty and Other Essays by H. J. Laski, The Problem of Administrative Areas, The Personality of Associations, The Pluralistic State, Studies in Law and Politics by H. J. Laski, Law and the State, Bibliography, Index.
700 1 _aHirst Paul
_91796
942 _cBK
999 _c2471
_d2471